[Event "FSIMA August"]
[Site "Budapest HUN"]
[Date "2008.08.03"]
[Round "2"]
[White "Humphrey,J"]
[Black "Szeberenyi,A"]
[Result "1-0"]
[WhiteElo "2289"]
[BlackElo "2318"]

1.e4 c5 2.Nf3 d6 3.d4 cxd4 4.Nxd4 Nf6 5.Nc3 a6 6.Be3 e5 7.Nb3 Be6 8.f4 exf4
9.Bxf4 Nc6 10.Qe2 Be7 11.h3 O-O 12.O-O-O Qc7 13.g4 Rfe8 14.g5 Nd7 15.h4 Nce5
16.Nd5 Bxd5 17.exd5 Bf8 18.h5 Rac8 19.Nd4 Nc6 20.Qg2 Nxd4 21.Rxd4 Re1+ 22.Rd1 Rxd1+
23.Kxd1 Qa5 24.Bd3 Nb6 25.Qe4 g6 26.hxg6 hxg6 27.Bxd6 Qxa2 28.Be5  1-0

[Event "8th United Insurance"]
[Site "Dhaka BAN"]
[Date "2008.08.04"]
[Round "8"]
[White "Abdullah,AlS"]
[Black "Badri,N"]
[Result "1/2-1/2"]
[WhiteElo "1961"]
[BlackElo "2172"]

1.e4 c5 2.Nf3 d6 3.d4 cxd4 4.Nxd4 Nf6 5.Nc3 a6 6.Be3 e6 7.Bd3 Nc6 8.f4 Qc7
9.Nxc6 bxc6 10.O-O Be7 11.Qf3 O-O 12.g4 Re8 13.g5 Nd7 14.Qg3 Bf8 15.Qh4 g6
16.Rf3 Bg7 17.Raf1 d5 18.f5 exf5 19.exf5 Rxe3 20.Rxe3 Qb6 21.Nd1 Bd4 22.Qf4 Bxe3+
23.Nxe3 Qb8 24.Qf2 Ne5 25.fxg6 hxg6 26.Bxg6 Qa7 27.Bf5 Bxf5 28.Nxf5 Qxf2+
29.Rxf2 Kh7 30.Nd6 Ra7 31.h4 Rd7 32.Rf6 Kg8 33.Nf5 d4 34.Kf1 a5 35.Rd6 Rxd6
36.Nxd6 d3 37.cxd3 Nxd3 38.b3 Nc1 39.Nc4 Nxa2 40.Nxa5 Nb4 41.Kg2 Kg7 42.Kg3 f6
43.Kg4 fxg5 44.Kxg5 c5 45.Nb7 Nd3 46.h5 Kh7 47.h6 Kh8 48.Nd8 Ne5 49.Kf5 c4
50.bxc4 Nxc4 51.Ne6 Kh7 52.Kg5 Ne5 53.Nf8+  1/2-1/2

[Event "17th Open"]
[Site "Kavala GRE"]
[Date "2008.08.04"]
[Round "6"]
[White "Frolyanov,D"]
[Black "Marjanovic,Slavo"]
[Result "1-0"]
[WhiteElo "2567"]
[BlackElo "2479"]

1.e4 c5 2.Nf3 d6 3.d4 cxd4 4.Nxd4 Nf6 5.Nc3 a6 6.Be3 e5 7.Nf3 Be7 8.Bc4 O-O
9.O-O Nc6 10.a4 Be6 11.Qe2 Rc8 12.Bxe6 fxe6 13.Rfd1 Nd7 14.h3 Kh8 15.Nb1 Qe8
16.Na3 Qf7 17.Nc4 d5 18.c3 dxe4 19.Ng5 Bxg5 20.Nd6 Qg6 21.Nxc8 Bxe3 22.Qxe3 Nf6
23.Nd6 Ne7 24.Nc4 Qf5 25.g4 Nxg4 26.hxg4 Qxg4+ 27.Qg3 Qh5 28.Qxe5 Nf5 29.Qxe4 h6
30.Rd3 Rf6 31.Ne5  1-0

[Event "12th HZ Open"]
[Site "Vlissingen NED"]
[Date "2008.08.04"]
[Round "4"]
[White "In 't Veld,D"]
[Black "Akesson,R"]
[Result "0-1"]
[WhiteElo "2170"]
[BlackElo "2481"]

1.e4 c5 2.Nf3 d6 3.d4 cxd4 4.Nxd4 Nf6 5.Nc3 a6 6.Be3 e6 7.Be2 Be7 8.f4 Nc6
9.O-O O-O 10.a4 Qc7 11.Kh1 Re8 12.Qe1 Nxd4 13.Bxd4 e5 14.Be3 exf4 15.Bxf4 Be6
16.Qg3 Nd7 17.Bg4 Ne5 18.Bxe6 fxe6 19.Bxe5 dxe5 20.Rf3 Rf8 21.Raf1 Rf4 22.Rxf4 exf4
23.Qg4 Qe5 24.Rxf4 Rd8 25.Rf2 Bc5 26.Rf1 Rd2 27.Nd5 Bd6 28.Nf4 Rxc2 29.Qxe6+ Qxe6
30.Nxe6 Rxb2 31.e5 Be7 32.Nf4 Rd2 33.g3 b5 34.axb5 axb5 35.Rb1 b4 36.Rb3 Rd4
37.Kg2 g5 38.Nd3 g4 39.h3 h5 40.Nf4 Rd2+ 41.Kh1 Rd1+ 42.Kg2 Rd2+ 43.Kh1 gxh3
44.Nxh5 Ra2 45.Nf4 Ra3 46.Rb1 Bc5 47.Kh2 Rc3 48.Kxh3 b3 49.Ne2 Rc2 50.Rxb3 Rxe2
51.Rf3 Rxe5 52.Kg4 Be7 53.Rf5 Re6 54.Rf3 Kg7 55.Rb3 Kg6 56.Rb5 Re4+ 57.Kf3 Rc4
58.Re5 Bf6 59.Rd5 Kf7 60.Rb5 Ke6 61.Ra5 Be5 62.Rb5 Rc3+ 63.Kf2 Bxg3+ 64.Kg2 Be5
65.Rb4 Kf5 66.Rb7 Ke4 67.Rb4+ Bd4 68.Rb7 Be5 69.Rb4+ Kf5 70.Ra4 Bf4 71.Ra8 Kg4
72.Rg8+ Bg5 73.Rg7 Rc2+ 74.Kf1 Kf3 75.Kg1 Be3+ 76.Kh1 Rc1+ 77.Kh2 Bf4+ 78.Kh3 Rh1+  0-1

[Event "12th HZ Open"]
[Site "Vlissingen NED"]
[Date "2008.08.04"]
[Round "4"]
[White "Grochal,J"]
[Black "Boulahfa,H"]
[Result "1-0"]
[WhiteElo "2161"]
[BlackElo "1985"]

1.e4 c5 2.Nf3 d6 3.d4 cxd4 4.Nxd4 Nf6 5.Nc3 a6 6.Be3 e5 7.Nb3 Be6 8.f3 Be7
9.Qd2 O-O 10.O-O-O Nbd7 11.g4 b5 12.g5 b4 13.Ne2 Ne8 14.f4 a5 15.f5 a4 16.fxe6 axb3
17.cxb3 fxe6 18.Kb1 Rxa2 19.Bh3 Qa5 20.Bxe6+ Kh8 21.Ng3 Nc5 22.Bc4 d5 23.Qxd5 Nc7
24.Qxe5 Nb5 25.Bxb5 Nxb3 26.Nf5 Bf6 27.gxf6 gxf6 28.Qd5 Rxb2+ 29.Kxb2 Qa3+
30.Kc2 Na1+ 31.Kd2 Qb2+ 32.Ke1 Qg2 33.Rxa1 Qxh1+ 34.Bf1  1-0

[Event "12th HZ Open"]
[Site "Vlissingen NED"]
[Date "2008.08.04"]
[Round "4"]
[White "Di Berardino,D"]
[Black "Sandipan,C"]
[Result "1-0"]
[WhiteElo "2471"]
[BlackElo "2588"]

1.e4 c5 2.Nf3 d6 3.d4 cxd4 4.Nxd4 Nf6 5.Nc3 a6 6.Be3 e5 7.Nb3 Be7 8.f3 Be6
9.Qd2 O-O 10.O-O-O Nbd7 11.g4 Qc7 12.Kb1 Rfc8 13.g5 Nh5 14.h4 b5 15.Nd5 Bxd5
16.exd5 b4 17.Rg1 a5 18.Rg4 Nb6 19.Bb5 a4 20.Nc5 dxc5 21.d6 Bxd6 22.Qxd6 Qxd6
23.Rxd6 Rab8 24.Kc1 Nf4 25.Bxf4 exf4 26.Rxf4 c4 27.c3 bxc3 28.bxc3 Rc5 29.Rfd4 g6
30.Bc6 Kg7 31.Be4 a3 32.Rc6 Rxc6 33.Bxc6 h6 34.Rd6 hxg5 35.hxg5 Rh8 36.Bb5 Rh1+
37.Rd1 Rxd1+ 38.Kxd1 f6 39.Kd2 fxg5 40.Ke3 Kf6 41.Kd4 Ke6 42.Kc5 Nc8 43.Bxc4+ Ke5
44.Bb5 Nd6 45.Bc6 Nf5 46.Kb4 Ne3 47.Kxa3 Kd6 48.Be4 Kc5 49.Kb3 g4 50.fxg4 Nxg4
51.Bxg6 Ne5 52.Be4 Nc4 53.Bd3 Ne5 54.Be2 Nc6 55.Kc2 Ne5 56.Kd2 Nd7 57.Kd3 Nb6
58.Bd1 Nc4 59.Bb3 Nd6 60.Kc2 Nb7 61.Kb2 Nd6 62.Be6 Nb7 63.Kb3 Nd6 64.Bh3 Nb7
65.Bf1 Nd6 66.Bd3 Nc8 67.a4 Na7 68.a5 Nc6 69.a6 Kb6 70.Bf1 Nb8 71.Kb4 Nc6+
72.Kc4 Ne7 73.Kd4 Nc6+ 74.Kd5 Na5 75.Kd6 Nc6 76.c4 Nd8 77.c5+ Ka7 78.c6 Kb6
79.c7 Nf7+ 80.Ke7 Kxc7 81.Kxf7 Kc6 82.Ke6 Kc7 83.Kd5 Kd7 84.a7  1-0

[Event "12th HZ Open"]
[Site "Vlissingen NED"]
[Date "2008.08.04"]
[Round "4"]
[White "De Jong,M"]
[Black "Ten Hagen,Y"]
[Result "1-0"]
[WhiteElo "2324"]
[BlackElo "2152"]

1.e4 c5 2.Nf3 d6 3.d4 cxd4 4.Nxd4 Nf6 5.Nc3 a6 6.Be3 Ng4 7.Bg5 h6 8.Bh4 g5
9.Bg3 Bg7 10.h3 Ne5 11.Nf5 Bxf5 12.exf5 Nbc6 13.Nd5 e6 14.fxe6 fxe6 15.Ne3 O-O
16.Be2 d5 17.O-O b5 18.Bh5 Ra7 19.Re1 Re7 20.a4 Nc4 21.axb5 Nxb2 22.Qg4 axb5
23.Ra6 Qc8 24.Rb6 d4 25.Nf1 d3 26.cxd3 Nxd3 27.Rd1 Nce5 28.Bxe5 Bxe5 29.Rxd3 Qc5
30.Ne3 Qxb6 31.Qe4 Bg7 32.Ng4 Qc5 33.Qg6 Kh8 34.Ne3 Qc1+ 35.Rd1 Qc5 36.Bf3 g4
37.Be4 Bf6 38.Qxh6+ Kg8 39.Nxg4 Qg5 40.Nxf6+ Qxf6 41.Qxf6 Rxf6 42.Rb1 Rc7
43.f3 Rc5 44.Bd3 Rf8 45.Rxb5 Rxb5 46.Bxb5 Rb8 47.Bd3 Kg7 48.Kh2 Kf6 49.h4 Ke5
50.g3 Kd4 51.Be4 Ke5 52.Kh3 Rg8 53.h5 Kf6 54.Kh4 e5 55.g4 Kg7 56.g5 Rd8 57.h6+ Kf7
58.g6+ Kf6 59.g7 Rd1 60.Bh7 Rh1+ 61.Kg3 Rg1+ 62.Kf2 Rxg7 63.hxg7 Kxg7 64.Bb1 Kf6
65.Ke3  1-0

[Event "US Open"]
[Site "Dallas USA"]
[Date "2008.08.05"]
[Round "4"]
[White "Zepeda,L"]
[Black "Egerton,J"]
[Result "1-0"]
[WhiteElo "2161"]
[BlackElo "2045"]

1.e4 c5 2.Nf3 d6 3.d4 cxd4 4.Nxd4 Nf6 5.Nc3 a6 6.Be3 Ng4 7.Qd2 Nxe3 8.Qxe3 e5
9.Nb3 Be7 10.g3 Be6 11.Bg2 O-O 12.O-O Nd7 13.Rad1 Nb6 14.Nd2 Rc8 15.h4 Bg4
16.Rc1 Rc6 17.b3 Qc8 18.Ndb1 Rd8 19.a4 Bf8 20.Qd2 Nd7 21.Nd5 Nc5 22.Na3 Ne6
23.f3 Bh5 24.g4 Bxg4 25.fxg4 Nd4 26.Qd1 b5 27.c3 Ne6 28.axb5 axb5 29.Nxb5 Ra6
30.c4 Qc5+ 31.Kh1 Rda8 32.Qf3 f6 33.Qc3 Rb8 34.Ra1 Rxa1 35.Rxa1 Qf2 36.Qe1 Qb2
37.Rb1 Qa2 38.Nb4 Qa8 39.Ra1 Qb7 40.Nd5 Nc5 41.Ra7 Qc8 42.Qg3 Ne6 43.g5 fxg5
44.Bh3 Rxb5 45.cxb5 Qc1+ 46.Qg1  1-0

[Event "XVII TCh-MKD"]
[Site "Struga MKD"]
[Date "2008.08.05"]
[Round "2"]
[White "Nedev,T"]
[Black "Simeonov,S"]
[Result "1-0"]
[WhiteElo "2525"]
[BlackElo "2361"]

1.e4 c5 2.Nf3 d6 3.d4 cxd4 4.Nxd4 Nf6 5.Nc3 a6 6.Be3 e5 7.Nb3 Be6 8.Qd2 Be7
9.O-O-O O-O 10.f4 Ng4 11.g3 Nxe3 12.Qxe3 Nd7 13.h4 b5 14.f5 Bxb3 15.cxb3 Nb6
16.Kb1 Rc8 17.Bd3 Rc5 18.b4 Rc6 19.g4 f6 20.Bc2 Kh8 21.Bb3 a5 22.bxa5 b4
23.Nd5 Nxd5 24.Rxd5 Ra6 25.Qd2 Rxa5 26.Qxb4 Ra7 27.Rc1 Qa8 28.Qc4 Rb8 29.a4 h6
30.Rb5 Kh7 31.Rxb8 Qxb8 32.Qe6 Ra8 33.Bd5  1-0

[Event "12th HZ Open"]
[Site "Vlissingen NED"]
[Date "2008.08.06"]
[Round "6"]
[White "Nijboer,F"]
[Black "Spoelman,W"]
[Result "1/2-1/2"]
[WhiteElo "2564"]
[BlackElo "2448"]

1.e4 c5 2.Nf3 d6 3.d4 cxd4 4.Nxd4 Nf6 5.Nc3 a6 6.Be3 e5 7.Nb3 Be6 8.f3 Nbd7
9.g4 Nb6 10.g5 Nh5 11.Qd2 Be7 12.O-O-O O-O 13.Rg1 Rc8 14.Kb1 g6 15.Qf2 Nc4
16.Bxc4 Rxc4 17.Nd5 Bxd5 18.Rxd5 b5 19.Rd3 f5 20.gxf6 Rxf6 21.Qe2 Rf7 22.a3 Qc8
23.Nc1 Qh3 24.Bd2 Qc8 25.Qd1 Bf8 26.Ne2 Qh3 27.Bg5 Qxh2 28.b3 Rc8 29.Qf1 Rfc7
30.c3 h6 31.Rg2 Qh3 32.Bc1 Kh7 33.Kb2 a5 34.Rd5 b4 35.axb4 axb4 36.c4 Ra8
37.Be3 Rc6 38.Rg1 Qe6 39.Qe1 Qc8 40.Qxb4 Qa6 41.Nc3 Nf6 42.Na4 Nxd5 43.exd5 Rc7
44.Qd2 Rb8 45.Qc2 Rg7 46.Bxh6 e4 47.Bxg7 Bxg7+ 48.Ka2 Qa7 49.Rh1+ Kg8 50.Qxe4 Qf2+
51.Ka3 Ra8 52.Qe6+ Kf8 53.Qxd6+ Kg8 54.Rh2 Qg1 55.Qe6+ Kf8 56.Qd6+ Kg8 57.Qe6+ Kf8
58.Qd6+  1/2-1/2

[Event "12th HZ Open"]
[Site "Vlissingen NED"]
[Date "2008.08.07"]
[Round "7"]
[White "Spoelman,W"]
[Black "Amonatov,F"]
[Result "1/2-1/2"]
[WhiteElo "2448"]
[BlackElo "2650"]

1.e4 c5 2.Nf3 d6 3.d4 cxd4 4.Nxd4 Nf6 5.Nc3 a6 6.Be3 e5 7.Nb3 Be7 8.Qd2 O-O
9.O-O-O Qc7 10.Kb1 b5 11.f3 Be6 12.g4 Nbd7 13.g5 Nh5 14.Nd5 Bxd5 15.exd5 Nb6
16.Rg1 g6 17.Na5 Nxd5 18.Qxd5 Qxa5 19.c4 Rab8 20.Rg4 Ng7 21.h4 Nf5 22.Bf2 Bd8
23.cxb5 axb5 24.Bd3 Bb6 25.Bxb6 Rxb6 26.Bxf5 gxf5 27.Rgg1 Qa8 28.f4 Qxd5
29.Rxd5 Re8 30.Re1 h6 31.fxe5 hxg5 32.hxg5 Kg7 33.Rf1 dxe5 34.Rxf5 e4 35.Rfe5 Rbe6
36.Rxe6 Rxe6 37.Kc2 e3 38.Kd1 b4 39.Rb5 Kg6 40.Ke2 Re7 41.a3 bxa3 42.bxa3 Ra7  1/2-1/2

[Event "FSIMA August"]
[Site "Budapest HUN"]
[Date "2008.08.08"]
[Round "7"]
[White "Lorand,N"]
[Black "Humphrey,J"]
[Result "1-0"]
[WhiteElo "2273"]
[BlackElo "2289"]

1.e4 c5 2.Nf3 d6 3.d4 cxd4 4.Nxd4 Nf6 5.Nc3 a6 6.Be3 e5 7.Nf3 Be7 8.Bc4 O-O
9.O-O Be6 10.Bxe6 fxe6 11.Na4 Nfd7 12.Qd3 b5 13.Nc3 Nf6 14.a4 b4 15.Ne2 Nc6
16.Bg5 Qd7 17.Rad1 h6 18.Bxf6 Rxf6 19.c4 bxc3 20.Nxc3 Qb7 21.Rd2 Raf8 22.Ne2 Nb4
23.Qe3 Rxf3 24.gxf3 Bg5 25.f4 exf4 26.Qf3 Be7 27.Nd4 Qd7 28.Qb3 d5 29.exd5 exd5
30.f3 Bc5 31.Kh1 Bxd4 32.Rxd4 a5 33.Qd1 Qh3 34.Qe2 Nc2 35.Rd2 Ne3 36.Rb1 Rf6
37.b4 axb4 38.a5 Rg6 39.Rg1 Rxg1+ 40.Kxg1 Qc8 41.a6 b3 42.h4 Nc4 43.Rxd5 Qxa6
44.Kh2 Qa2 45.Qxa2 bxa2 46.Rd8+ Kf7 47.Ra8  1-0

[Event "Najdorf Memorial Open"]
[Site "Warsaw POL"]
[Date "2008.08.08"]
[Round "7"]
[White "Jakubowski,K"]
[Black "Savchenko,S"]
[Result "1-0"]
[WhiteElo "2497"]
[BlackElo "2557"]

1.e4 c5 2.Nf3 d6 3.d4 cxd4 4.Nxd4 Nf6 5.Nc3 a6 6.Be3 e5 7.Nb3 Be6 8.f3 Nbd7
9.g4 Nb6 10.g5 Nh5 11.Qd2 Be7 12.O-O-O Rc8 13.Rg1 O-O 14.Kb1 g6 15.Qf2 Nc4
16.Bxc4 Bxc4 17.Na4 Qc7 18.Nb6 Rb8 19.Nc1 f6 20.gxf6 Nxf6 21.Qd2 Be6 22.Ne2 Nd7
23.Nxd7 Qxd7 24.f4 exf4 25.Nxf4 Rbc8 26.b3 b5 27.Bd4 Kf7 28.Rgf1 Ke8 29.Nd5 Rxf1
30.Rxf1 Bxd5 31.exd5 Qg4 32.Qe3 Rc7 33.Bf6  1-0

[Event "IV RC Sport Open"]
[Site "Ceska Trebova CZE"]
[Date "2008.08.09"]
[Round "3"]
[White "Smith,Ax"]
[Black "Cerveny,M"]
[Result "0-1"]
[WhiteElo "2427"]
[BlackElo "2285"]

1.e4 c5 2.Nf3 d6 3.d4 cxd4 4.Nxd4 Nf6 5.Nc3 a6 6.Be3 e5 7.Nb3 Be6 8.f3 Nbd7
9.Qd2 b5 10.O-O-O Rc8 11.Kb1 Be7 12.g4 Nb6 13.g5 Nh5 14.Qf2 Nc4 15.Bxc4 bxc4
16.Nc5 O-O 17.Qf1 g6 18.Nxe6 fxe6 19.Qh3 Qd7 20.Na4 Rb8 21.Nb6 Rxb6 22.Bxb6 Nf4
23.Qf1 Qc6 24.Be3 d5 25.Bxf4 Rxf4 26.exd5 exd5 27.Qe2 Bd6 28.c3 Bc7 29.h4 Qe6
30.Ka1 Qf7 31.Rd2 d4 32.cxd4 exd4 33.Rh3 d3 34.Qe3 Rf5 35.Rd1 Rb5 36.f4 Bxf4
37.Qf2 Qg7 38.Rb1 Be5 39.Qg2 c3 40.Qa8+ Bb8 41.Rh2 c2 42.Qxa6 Qxb2+  0-1

[Event "Najdorf Memorial Open"]
[Site "Warsaw POL"]
[Date "2008.08.09"]
[Round "8"]
[White "Warszawski,B"]
[Black "Panocki,A"]
[Result "1/2-1/2"]
[WhiteElo "2277"]
[BlackElo "2338"]

1.e4 c5 2.Nf3 d6 3.d4 cxd4 4.Nxd4 Nf6 5.Nc3 a6 6.Be3 e5 7.Nf3 Be7 8.Bc4 O-O
9.O-O Nbd7 10.Qe2 Qc7 11.a4 b6 12.Rfd1 h6 13.Nh4 Nc5 14.Nd5 Nxd5 15.Bxd5 Rb8
16.Nf5 Bxf5 17.exf5 Nd7 18.c3 a5 19.Rd3 Nf6 20.Qf3 b5 21.b3  1/2-1/2

[Event "Open"]
[Site "Stare Mesto CZE"]
[Date "2008.08.10"]
[Round "3"]
[White "Jurcik,Mari"]
[Black "Rakay,K"]
[Result "1-0"]
[WhiteElo "2378"]
[BlackElo "2132"]

1.e4 c5 2.Nf3 d6 3.d4 cxd4 4.Nxd4 Nf6 5.Nc3 a6 6.Be3 Nc6 7.f3 e5 8.Nb3 Be6
9.Nd5 Bxd5 10.exd5 Nb8 11.c4 Nbd7 12.Qd2 Be7 13.Na5 Qc7 14.Be2 O-O 15.O-O Nh5
16.Rfd1 f5 17.b4 b6 18.Nc6 Bf6 19.Rac1 f4 20.Bf2 Rfc8 21.Bd3 g6 22.Be4 Kh8
23.c5 bxc5 24.bxc5 Nb8 25.cxd6 Qd7 26.Bc5 Ng7 27.Rb1 Ne8 28.Qb4 Qf7 29.Nxb8 Raxb8
30.Qxb8 Rxb8 31.Rxb8 Kg7 32.Rdb1  1-0

[Event "IV RC Sport Open"]
[Site "Ceska Trebova CZE"]
[Date "2008.08.11"]
[Round "5"]
[White "Krejci,Jan2"]
[Black "Plischki,S"]
[Result "0-1"]
[WhiteElo "2305"]
[BlackElo "2402"]

1.e4 c5 2.Nf3 d6 3.d4 cxd4 4.Nxd4 Nf6 5.Nc3 a6 6.Be3 e6 7.Be2 Nbd7 8.g4 h6
9.f4 g5 10.fxg5 hxg5 11.Bxg5 Rh3 12.Qd2 b5 13.Bf1 Rh7 14.a3 Bb7 15.Bg2 Be7
16.Qe2 Ne5 17.O-O-O Nfxg4 18.Bd2 Qb6 19.Bf4 Rc8 20.Nd5 exd5 21.exd5 Rc4 22.c3 Ng6
23.Bg3 N4e5 24.Be4 Bc8 25.Bxg6 fxg6 26.Bxe5 dxe5 27.Qxe5 Qd6 28.Qe4 Bf5 29.Qe3 Rh3
30.Nxf5 Rxe3 31.Nxd6+ Bxd6 32.Rhg1 Kf7 33.Rg2 Rh3 34.Rf1+ Rf4 35.Re1 Rf6
36.Ree2 g5 37.Kc2 Bf4 38.b3 Rfh6 39.c4 Rxh2 40.c5 Rxg2 41.Rxg2 Rh2 42.Rxh2 Bxh2
43.Kd3 Kf6 44.Ke4 g4 45.d6 Ke6 46.b4 Bxd6  0-1

[Event "IV RC Sport Open"]
[Site "Ceska Trebova CZE"]
[Date "2008.08.11"]
[Round "5"]
[White "Smith,Ax"]
[Black "Jedlicka,A"]
[Result "1/2-1/2"]
[WhiteElo "2427"]
[BlackElo "2277"]

1.e4 c5 2.Nf3 d6 3.d4 cxd4 4.Nxd4 Nf6 5.Nc3 a6 6.Be3 e5 7.Nb3 Be6 8.f3 Be7
9.Qd2 O-O 10.O-O-O Nbd7 11.g4 b5 12.g5 b4 13.Ne2 Ne8 14.f4 a5 15.f5 a4 16.Nbd4 exd4
17.Nxd4 b3 18.Kb1 bxc2+ 19.Nxc2 Bb3 20.axb3 axb3 21.Na3 Ne5 22.h4 Ra4 23.Rh3 Rxe4
24.Qg2 Rg4 25.Qb7 Qc7 26.Qxb3 Qd7 27.Qc2 d5 28.Nb5 Nc4 29.Nc3 Nxe3 30.Rxe3 d4
31.Re4 Rxe4 32.Nxe4 Nd6 33.f6 Nxe4 34.Qxe4 gxf6 35.gxf6 Bxf6 36.Bd3 Rb8 37.Rg1+ Kf8
38.Qxh7 Ke7 39.Qh5 Qc7 40.Rg2 Rb6 41.Rc2 Rc6 42.Qe2+ Kf8 43.h5 Rxc2 44.Bxc2 Qe5
45.Qf3 d3 46.Qa8+ Kg7 47.Qg2+ Kh6 48.Qd2+ Kxh5 49.Bxd3 Qxb2+ 50.Qxb2 Bxb2  1/2-1/2

[Event "Open"]
[Site "Stare Mesto CZE"]
[Date "2008.08.11"]
[Round "5"]
[White "Hrabusa,M"]
[Black "Kriebel,T"]
[Result "1-0"]
[WhiteElo "2246"]
[BlackElo "1973"]

1.e4 c5 2.Nf3 d6 3.d4 cxd4 4.Nxd4 Nf6 5.Nc3 a6 6.Be3 e5 7.Nb3 Be6 8.f3 Be7
9.Qd2 Nbd7 10.g4 O-O 11.g5 Nh5 12.O-O-O b5 13.Nd5 Bxd5 14.exd5 g6 15.Na5 Qc7
16.Bh3 Rfe8 17.Bg4 Nf4 18.h4 Nb6 19.Bxf4 exf4 20.h5 Bxg5 21.hxg6 hxg6 22.Qd4 Re5
23.Nc6 Bf6 24.Kb1 Bg7 25.Nxe5 Bxe5 26.Qg1 Na4 27.Be6 Kf8 28.Rh7 Nc3+ 29.bxc3 Qxc3
30.Rxf7+ Ke8 31.Kc1 Qb2+ 32.Kd2 Bd4 33.Qg2 Bc3+ 34.Kd3 Ba5 35.Rc7  1-0

[Event "BDO Challenger"]
[Site "Haarlem NED"]
[Date "2008.08.14"]
[Round "6"]
[White "De Groot,M"]
[Black "Lathouwers,R"]
[Result "1-0"]
[WhiteElo "2157"]
[BlackElo "2214"]

1.e4 c5 2.Nf3 d6 3.d4 cxd4 4.Nxd4 Nf6 5.Nc3 a6 6.Be3 Qc7 7.Qd2 e5 8.Nb3 Be7
9.f3 Be6 10.g4 h6 11.Rg1 Nbd7 12.h4 Nc5 13.O-O-O Nxb3+ 14.axb3 Nd7 15.f4 exf4
16.Bxf4 Ne5 17.Nd5 Bxd5 18.Bxe5 dxe5 19.exd5 Bxh4 20.d6 Qd7 21.Qd5 Bf6 22.Bd3 O-O
23.g5 Bxg5+ 24.Rxg5 hxg5 25.Rh1 g6 26.Qxe5 f6 27.Qh2 Qg7 28.Bc4+ Rf7 29.d7 Rd8
30.Re1  1-0

[Event "Open A"]
[Site "Vladimir RUS"]
[Date "2008.08.14"]
[Round "3"]
[White "Kolmakov,P"]
[Black "Romanko,M"]
[Result "1/2-1/2"]
[WhiteElo "2263"]
[BlackElo "2374"]

1.e4 c5 2.Nf3 d6 3.d4 cxd4 4.Nxd4 Nf6 5.Nc3 a6 6.Be3 e5 7.Nb3 Be6 8.Be2 Nbd7
9.O-O Be7 10.f4 Qc7 11.f5 Bc4 12.a4 b6 13.Nd2 Bxe2 14.Qxe2 Qc6 15.Bg5 O-O
16.Nc4 Rfe8 17.Bxf6 Nxf6 18.Qd3 Rec8 19.Ne3 Qc5 20.Kh1 Bd8 21.Rad1 h6 22.Rfe1 Qb4
23.Rb1 Qc5 24.Re2 b5 25.axb5 axb5 26.Nxb5 Nxe4 27.b4 Qc6 28.c4 Bg5 29.Nd5 Qxc4
30.Qxe4 Qxb5 31.Nc7 d5 32.Nxb5 dxe4 33.Nd6 Rcb8 34.h4 Be7 35.Nxe4 Rxb4 36.Rxb4 Bxb4
37.f6 Ra1+ 38.Kh2 Re1 39.Rxe1 Bxe1 40.h5 Bh4 41.fxg7 Kxg7 42.g4 Kf8 43.Kg2 Ke7
44.Kf3 Ke6 45.Nc5+ Kd5 46.Ne4 f6 47.Nc3+ Kd4 48.Ne4  1/2-1/2

[Event "Acropolis Open"]
[Site "Athens GRE"]
[Date "2008.08.15"]
[Round "7"]
[White "Pavlidis,Ant"]
[Black "Papadopoulou,V"]
[Result "1-0"]
[WhiteElo "2266"]
[BlackElo "2210"]

1.e4 c5 2.Nf3 d6 3.d4 cxd4 4.Nxd4 Nf6 5.Nc3 a6 6.Be3 e5 7.Nb3 Be7 8.f4 Nbd7
9.Be2 Qc7 10.Qd2 exf4 11.Bxf4 Ne5 12.O-O-O Be6 13.h3 O-O 14.g4 Rac8 15.g5 Nfd7
16.h4 Rfd8 17.h5 Nf8 18.Nd4 d5 19.Qe3 dxe4 20.Qxe4 Bd6 21.Nxe6 Nxe6 22.Nd5 Nd3+
23.Bxd3 Bxf4+ 24.Kb1 Rxd5 25.Qxd5 Bxg5 26.Qf5 h6 27.Qh7+ Kf8 28.Rhf1 Bf6
29.Rde1 Qc6 30.Bf5 Rc7 31.Bxe6 fxe6 32.Rd1 Ke7 33.Rxf6 Kxf6 34.Qg6+ Ke5 35.Qg3+ Kf6
36.Rf1+ Ke7 37.Qxg7+ Kd6 38.Rd1+ Kc5 39.Qe5+  1-0

[Event "Petrovskaya Ladya GM2"]
[Site "Peterhof RUS"]
[Date "2008.08.15"]
[Round "5"]
[White "Ivanov,Andrew"]
[Black "Duzhakov,I"]
[Result "1/2-1/2"]
[WhiteElo "2335"]
[BlackElo "2267"]

1.e4 c5 2.Nf3 d6 3.d4 Nf6 4.Nc3 cxd4 5.Nxd4 a6 6.Be3 e5 7.Nf3 Qc7 8.a4 Be6
9.a5 Nbd7 10.Be2 Be7 11.Ng5 Bc4 12.O-O h6 13.Bxc4 Qxc4 14.Ra4 Qc6 15.Nf3 O-O
16.Qd3 Rac8 17.Rd1 Rfd8 18.Qe2 Bf8 19.h3 Qc7 20.Ne1 Qb8 21.Nd3 Rc7 22.Nb4 Qc8
23.Qd3 Rc4 24.Nbd5 Rxa4 25.Nxa4 Nxd5 26.exd5 Be7 27.b4 Rf8 28.c4 f5 29.f3 e4
30.fxe4 Ne5 31.Nb6 Nxd3 32.Nxc8 Rxc8 33.Rxd3 Rxc4 34.exf5 Rxb4 35.Bb6  1/2-1/2

[Event "Open"]
[Site "Ptuj SLO"]
[Date "2008.08.15"]
[Round "8"]
[White "Kokol,P"]
[Black "Podkriznik,G"]
[Result "1/2-1/2"]
[WhiteElo "2253"]
[BlackElo "2370"]

1.e4 c5 2.Nf3 d6 3.d4 cxd4 4.Nxd4 Nf6 5.Nc3 a6 6.Be3 e6 7.g4 h5 8.g5 Ng4
9.Bc1 Qb6 10.h3 Ne5 11.Nb3 g6 12.Be3 Qc7 13.f4 Nec6 14.Qd2 Be7 15.O-O-O Nd7
16.Be2 b6 17.Nd5 exd5 18.Qc3 O-O 19.exd5 Bb7 20.Nd4 Ndb8 21.Bxh5 Rc8 22.dxc6 Nxc6
23.Bf3 Nxd4 24.Qxc7 Rxc7 25.Bxb7 Nxc2 26.Bxa8 Nxe3+ 27.Kd2 Nxd1 28.Rxd1 Rc5  1/2-1/2

[Event "8th Savaria Summer IM"]
[Site "Szombathely HUN"]
[Date "2008.08.15"]
[Round "2"]
[White "Mihok,O"]
[Black "Kislik,E"]
[Result "1/2-1/2"]
[WhiteElo "2346"]
[BlackElo "2302"]

1.e4 c5 2.Nf3 d6 3.d4 cxd4 4.Nxd4 Nf6 5.Nc3 a6 6.Be3 e5 7.Nb3 Be6 8.Qd2 Be7
9.O-O-O O-O 10.f4 Qc7 11.f5 Bc4 12.Bxc4 Qxc4 13.Nd5 Nc6 14.Nb6 Qxe4 15.Nxa8 Rxa8
16.Qd3 Qxd3 17.cxd3 Ng4 18.Kd2 Nb4 19.h3 Nxe3 20.Kxe3 Nxa2 21.Ke2 Rc8 22.h4 d5
23.g3 Bb4 24.Na1 a5 25.Kf3 Bd6 26.Nb3 Nb4 27.Rc1 Re8 28.Ke2 e4 29.dxe4 Bxg3
30.Nxa5 dxe4 31.Nxb7 Nd3 32.Rcg1 Be5 33.Rg4 Nf4+ 34.Ke3 Nd5+ 35.Ke2 Nf6 36.Rg2 Rb8
37.Rd1 Kf8 38.Rd8+ Rxd8 39.Nxd8 Bxb2 40.Ke3 Bc1+ 41.Kd4 e3 42.Nc6 g6 43.fxg6 hxg6
44.Nb4 Nh5 45.Nd5 Kg7 46.Nxe3 Ba3 47.Ke5 Kh7 48.Nd5 Kg7 49.Ra2 Bc5 50.Rc2 Ba7
51.Kd6 Nf4 52.Nxf4 Bb8+ 53.Ke7 Bxf4 54.Rf2 g5  1/2-1/2

[Event "Open A"]
[Site "Vladimir RUS"]
[Date "2008.08.15"]
[Round "4"]
[White "Ruchkin,I"]
[Black "Maximov,An"]
[Result "1/2-1/2"]
[WhiteElo "2188"]
[BlackElo "2146"]

1.e4 c5 2.Nf3 d6 3.d4 cxd4 4.Nxd4 Nf6 5.Nc3 a6 6.Be3 e5 7.Nf3 Be7 8.h3 Nbd7
9.Bc4 Qc7 10.Bb3 O-O 11.O-O b5 12.Nd5 Nxd5 13.Bxd5 Bb7 14.Bxb7 Qxb7 15.Qd5 Qc7
16.c3 Nf6 17.Qd3 d5 18.Nd2 Rfd8 19.exd5 Nxd5 20.Qe2 f5 21.c4 Nxe3 22.fxe3 Bb4
23.Rad1 Bxd2 24.Rxd2 Qxc4 25.Qxc4+ bxc4 26.Rxd8+ Rxd8 27.Rxf5 Rd1+ 28.Rf1 Rd2
29.Rf2 Rd1+  1/2-1/2

[Event "Acropolis Open"]
[Site "Athens GRE"]
[Date "2008.08.16"]
[Round "8"]
[White "Velcheva,M"]
[Black "Sigalas,F"]
[Result "1/2-1/2"]
[WhiteElo "2281"]
[BlackElo "2242"]

1.e4 c5 2.Nf3 d6 3.d4 cxd4 4.Nxd4 Nf6 5.Nc3 a6 6.Be3 e5 7.Nf3 Be7 8.Bc4 O-O
9.O-O Be6 10.Bb3 Nc6 11.h3 Na5 12.Qd3 Rc8 13.Rad1  1/2-1/2

[Event "BDO Challenger"]
[Site "Haarlem NED"]
[Date "2008.08.16"]
[Round "8"]
[White "Rombaldoni,An"]
[Black "Polak,I"]
[Result "1-0"]
[WhiteElo "2219"]
[BlackElo "2172"]

1.e4 c5 2.Nf3 d6 3.d4 cxd4 4.Nxd4 Nf6 5.Nc3 a6 6.Be3 e5 7.Nb3 Be7 8.Be2 O-O
9.f3 Be6 10.Nd5 Nxd5 11.exd5 Bf5 12.Qd2 a5 13.Rc1 Nd7 14.O-O Bg6 15.c4 b6
16.Kh1 f5 17.f4 a4 18.Na1 Nc5 19.Nc2 Bf6 20.Nb4 Ne4 21.Qc2 exf4 22.Nc6 Qc7
23.Bxf4 Be8 24.Bf3 Bxc6 25.dxc6 Qxc6 26.g4 g6 27.gxf5 gxf5 28.Bg2 Bg7 29.Rcd1 Rad8
30.Rd5 Rc8 31.Rxf5 d5 32.Rxf8+ Rxf8 33.Qd3 Nf6 34.cxd5 Qc5 35.Qf5 Ne8 36.Qe6+ Kh8
37.Be3 Qb5 38.Rxf8+ Bxf8 39.Qf5 Bg7 40.Be4 Nf6 41.Bd4 Qe2 42.Bxf6 Qe1+ 43.Kg2 Qe2+
44.Kh3 Qe3+ 45.Bf3 Qh6+ 46.Bh4 Bxb2 47.Qc8+ Kg7 48.Qd7+ Kh8 49.Qd8+  1-0

[Event "Open"]
[Site "Stare Mesto CZE"]
[Date "2008.08.16"]
[Round "10"]
[White "Jurcik,Mari"]
[Black "Jurcik,Mart"]
[Result "1-0"]
[WhiteElo "2378"]
[BlackElo "2352"]

1.e4 c5 2.Nf3 d6 3.d4 cxd4 4.Nxd4 Nf6 5.Nc3 a6 6.Be3 e5 7.Nf3 Qc7 8.Bg5 Nbd7
9.a4 b6 10.Nd2 Bb7 11.Bc4 Be7 12.Qe2 O-O 13.O-O Rfc8 14.Rfd1 Qd8 15.Bb3 Ne8
16.Qh5 g6 17.Qf3 Bf6 18.Bxf6 Qxf6 19.Qxf6 Ndxf6 20.Nc4 Rc6 21.Nd5 Nxd5 22.exd5 Rxc4
23.Bxc4 Rc8 24.Bb3 Rc5 25.Rd3 Nf6 26.Rad1 Nd7 27.c3 f5 28.f3 Kg7 29.Bc2 Nf6
30.b4 Rc7 31.Bb3 e4 32.fxe4 Nxe4 33.Rc1 Kf6 34.Bd1 Ng5 35.c4 Nf7 36.c5 bxc5
37.bxc5 dxc5 38.d6 Rd7 39.Rxc5 Rxd6 40.Rxd6+ Nxd6 41.Bf3 Bc8 42.Be2 Bd7 43.Ra5  1-0

[Event "Open A"]
[Site "Vladimir RUS"]
[Date "2008.08.16"]
[Round "5"]
[White "Timofeev,M"]
[Black "Kurukin,D"]
[Result "0-1"]
[WhiteElo "1876"]
[BlackElo "2201"]

1.e4 c5 2.Nf3 d6 3.d4 cxd4 4.Nxd4 Nf6 5.Nc3 a6 6.Be3 e5 7.Nb3 Be6 8.f3 Nbd7
9.Qd2 b5 10.a4 b4 11.Nd5 Bxd5 12.exd5 Nb6 13.Bxb6 Qxb6 14.a5 Qb7 15.Bc4 g6
16.Ra4 Rb8 17.Nc1 h5 18.Nd3 Bh6 19.Qe2 O-O 20.Nxb4 Qd7 21.b3 Qxa4 22.bxa4 Rxb4
23.Bb3 Ra8 24.O-O Nd7 25.g3 Nc5 26.f4 Re4 27.Qf2 exf4 28.Re1 Rae8 29.Rxe4 Rxe4
30.Qf1 fxg3 31.hxg3 Bg7 32.Bc4 Rg4 33.Bxa6 Rxg3+ 34.Kh1 Ra3 35.Qb5 Be5 36.Qe8+ Kg7
37.Bb5 h4 38.a6 Nxa4 39.Bxa4 h3 40.Qxe5+ dxe5 41.d6 Kf6 42.d7 Ke7 43.Bb5 g5
44.Kh2 f5  0-1